000 00452nam a2200205Ia 4500
001 12315
003 GE_BSU
008 181216s||||||||xx |||||||||||||| ||und||
020 _a97803040640234
040 _cGE_BSU
080 _a821.111-312.4
100 _aDeaver,Jeffery
245 _aSpeaking in Tongues
260 _aLondon
260 _bCoronet Books
260 _c1999
300 _a359p.18cm.
653 _aSpeaking in Tongues
942 _cBK
999 _c45490
_d45490